00574nam a2200133Ia 4500008004100000082002000041100003900061245011300100260007600213300001100289942001200300999001900312952010900331210430s9999 xx 000 0 und d a624.176 M2661 M aUnited states department of energy 2aA Manual for the prediction of Blast and fragment loadings on structurescUnited states department of energy aTexasbUnited states department of energy albuquerque operations c1980 aC-6 p. cBK2ddc c563364d563364 001040708NFICaSCMEbSCMEcGENd0008-02-11l0o624.176 M2661 MpSCME-2279r2021-04-30w2021-04-30yBK